Κατάλογος Βιβλιοθηκών Mediterranean College

Strategic Management / An Integrated Approach: Second Edition (Record no. 5716)

MARC details
000 -LEADER
fixed length control field 02178cam a22002294a 4500
005 - ΗΜΕΡΟΜΗΝΙΑ ΚΑΙ ΩΡΑ ΤΕΛΕΥΤΑΙΑΣ ΕΝΗΜΕΡΩΣΗΣ
Πεδίο ελέγχου 20250605164220.0
008 - FIXED-LENGTH DATA ELEMENTS--GENERAL INFORMATION
Πεδίο ελέγχου σταθερού μήκους 250528s ||||||||||||||||||||||||d
035 ## - SYSTEM CONTROL NUMBER
System control number 20625
020 ## - ISBN
ISBN 395592453
040 ## - ΠΗΓΗ ΚΑΤΑΛΟΓΟΓΡΑΦΗΣΗΣ
Φορέας πρωτότυπης καταλογογράφησης MC Athens Campus Library
Γλώσσα καταλογογράφησης Ελληνικά, Μοντέρνα (1453-)
Modifying agency MC Athens Campus Library
Κανόνες περιγραφικής καταλογογράφησης AACR2
245 1# - ΤΙΤΛΟΣ ΚΑΙ ΔΗΛΩΣΗ ΥΠΕΥΘΥΝΟΤΗΤΑΣ
Τίτλος Strategic Management / An Integrated Approach: Second Edition
250 ## - EDITION STATEMENT
Edition statement 2nd
260 ## - PUBLICATION, DISTRIBUTION, ETC.
Name of publisher, distributor, etc. Houghton Mifflin Company,
Date of publication, distribution, etc. 1992
300 ## - PHYSICAL DESCRIPTION
Extent 990
505 0# - FORMATTED CONTENTS NOTE
Formatted contents note Preface, Introduction, The Strategic Management Process, Corporate Mission and Goals and Stakeholders, Strategy Formulation, Analyzing the External Environment: The Identification of Opportunities and Threats, Internal Analysis: Strengths and Weaknesses and Distinctive Competencies, Business-Level Strategy, Business-Level Strategy and Industry Structure, Corporate-Level Strategy: Vertical Integration and Diversification, Corporate-Level Strategy: The Global Dimension, Analyzing and Changing the Corporate Portfolio, Strategic Implementation, Designing Organizational Structure, Choosing Integration and Control Systems, Matching Structure and Control to Strategy, Conflict and Politics and Change in Strategy-Structure Choice, Case Study Analysis, Analyzing and Writing a Case Study, Cases, Index.
520 ## - SUMMARY, ETC.
Summary, etc. Preface, Introduction, The Strategic Management Process, Corporate Mission and Goals and Stakeholders, Strategy Formulation, Analyzing the External Environment: The Identification of Opportunities and Threats, Internal Analysis: Strengths and Weaknesses and Distinctive Competencies, Business-Level Strategy, Business-Level Strategy and Industry Structure, Corporate-Level Strategy: Vertical Integration and Diversification, Corporate-Level Strategy: The Global Dimension, Analyzing and Changing the Corporate Portfolio, Strategic Implementation, Designing Organizational Structure, Choosing Integration and Control Systems, Matching Structure and Control to Strategy, Conflict and Politics and Change in Strategy-Structure Choice, Case Study Analysis, Analyzing and Writing a Case Study, Cases, Index.
700 1# - ΠΡΟΣΘΕΤΗ ΑΝΑΓΡΑΦΗ--ΦΥΣΙΚΟ ΠΡΟΣΩΠΟ
Personal name Hill W. Charles
9 (RLIN) 1022
700 1# - ΠΡΟΣΘΕΤΗ ΑΝΑΓΡΑΦΗ--ΦΥΣΙΚΟ ΠΡΟΣΩΠΟ
Personal name Jones Gareth R
9 (RLIN) 4209
942 ## - ADDED ENTRY ELEMENTS (KOHA)
Koha item type Books
Holdings
Τύπος τεκμηρίου Βιβλιοθήκη Τρέχουσα τοποθεσία Barcode Αριθμός εισαγωγής Ημερομηνία απόκτησης Ταξιθετικό σύμβολο Αριθμός αντιτύπου Κατάσταση απόσυρσης Κατάσταση χαμένου Κατάσταση κατεστραμμένου Μη δανεισμός Σύνολο δανεισμών Ημερομηνία τελευταίας εμφάνισης Η τιμή ισχύει από
Books MC Athens Campus Library MC Athens Campus Library 9780000057150 7186 05/06/2025 658.4/012 HIL 1           05/06/2025 05/06/2025

MC Athens Campus Library
Πατησίων 94 & Κοδριγκτώνος 13, 104 34
Πελλήνης 8 & Πατησίων 107, 112 51
Τ: +30 210 8899600

MC Thessaloniki Campus Library
Ίωνος Δραγούμη 21, 54625 | Ίωνος Δραγούμη 15, 54625
Τ: +30 2310 287779 – Τ: +30 2314 440300